Normal view
MARC view
- الخالدي،صلاح عبد الفتاح ، سويدان،طارق محمد/تقديم ، السيوري،رأفت كامل عيد
Entry Personal Name
001 - CONTROL NUMBER
- control field: 15328
003 - CONTROL NUMBER IDENTIFIER
- control field: JO-AjAnu
005 - DATE AND TIME OF LATEST TRANSACTION
- control field: 20230606072739.0
008 - FIXED-LENGTH DATA ELEMENTS
- fixed length control field: 230606|| aca||aabn | a|a d
040 ## - CATALOGING SOURCE
- Original cataloging agency: JO-AjAnu
- Transcribing agency: JO-AjAnu
100 ## - HEADING--PERSONAL NAME
- Personal name: الخالدي،صلاح عبد الفتاح ، سويدان،طارق محمد/تقديم ، السيوري،رأفت كامل عيد
670 ## - SOURCE DATA FOUND
- Source citation: Work cat.: (JO-AjAnu)7870: الخالدي،صلاح عبد الفتاح ، سويدان،طارق محمد/تقديم ، السيوري،رأفت كامل عيد, author, اليسر في القرآن الكريم :دراسة موضوعية